<?xml version="1.0" encoding="UTF-8"?><?xml-stylesheet type="text/xsl" href="static/style.xsl"?><OAI-PMH xmlns="http://www.openarchives.org/OAI/2.0/" xmlns:xsi="http://www.w3.org/2001/XMLSchema-instance" xsi:schemaLocation="http://www.openarchives.org/OAI/2.0/ http://www.openarchives.org/OAI/2.0/OAI-PMH.xsd"><responseDate>2026-04-18T14:18:13Z</responseDate><request verb="GetRecord" identifier="oai:riubu.ubu.es:10259/10443" metadataPrefix="marc">https://riubu.ubu.es/oai/request</request><GetRecord><record><header><identifier>oai:riubu.ubu.es:10259/10443</identifier><datestamp>2025-05-14T10:59:47Z</datestamp><setSpec>com_10259_4244</setSpec><setSpec>com_10259_5086</setSpec><setSpec>com_10259_2604</setSpec><setSpec>col_10259_4245</setSpec></header><metadata><record xmlns="http://www.loc.gov/MARC21/slim" xmlns:doc="http://www.lyncode.com/xoai" xmlns:xsi="http://www.w3.org/2001/XMLSchema-instance" xmlns:dcterms="http://purl.org/dc/terms/" xsi:schemaLocation="http://www.loc.gov/MARC21/slim http://www.loc.gov/standards/marcxml/schema/MARC21slim.xsd">
<leader>00925njm 22002777a 4500</leader>
<datafield tag="042" ind1=" " ind2=" ">
<subfield code="a">dc</subfield>
</datafield>
<datafield tag="720" ind1=" " ind2=" ">
<subfield code="a">Barea Gómez, Pedro</subfield>
<subfield code="e">author</subfield>
</datafield>
<datafield tag="720" ind1=" " ind2=" ">
<subfield code="a">Illera Gigante, Alba Ester</subfield>
<subfield code="e">author</subfield>
</datafield>
<datafield tag="720" ind1=" " ind2=" ">
<subfield code="a">Candela Gil, Helena</subfield>
<subfield code="e">author</subfield>
</datafield>
<datafield tag="720" ind1=" " ind2=" ">
<subfield code="a">Melgosa Gómez, Rodrigo</subfield>
<subfield code="e">author</subfield>
</datafield>
<datafield tag="720" ind1=" " ind2=" ">
<subfield code="a">Benito Moreno, José Manuel</subfield>
<subfield code="e">author</subfield>
</datafield>
<datafield tag="720" ind1=" " ind2=" ">
<subfield code="a">Beltrán Calvo, Sagrario</subfield>
<subfield code="e">author</subfield>
</datafield>
<datafield tag="720" ind1=" " ind2=" ">
<subfield code="a">Sanz Díez, Mª Teresa</subfield>
<subfield code="e">author</subfield>
</datafield>
<datafield tag="260" ind1=" " ind2=" ">
<subfield code="c">2025-03</subfield>
</datafield>
<datafield tag="520" ind1=" " ind2=" ">
<subfield code="a">Two different hydrolysates of the water-soluble protein (WSP) fraction from tuna fish meal were obtained by subcritical water-CO2 (subW-CO2) and Alcalase® treatments. Hydrolysates showed different chemical composition regarding their free amino acid (FAA) profile and molecular weight distribution of the peptides generated. Consequently, different strategies were proposed by using a stirred dead-end filtration system equipped with flat sheet membranes. Two nanofiltration (NF) consecutive steps were proposed for fractionation of subW-CO2 hydrolysates with polyamide membranes (800–600 Da and 300–150 Da) yielding a first retentate where 79% of the protein fraction was retained, while 92% of FAA were retained in the second step with a purity index of 29%. Alcalase® hydrolysates were fractionated by ultrafiltration (UF, 10 kDa) followed by NF (1–1.1 kDa) with polyethersulfone membranes obtaining a first retentate with more than 65% of protein fraction retention with a purity index of 50%. A relatively wide molecular weight distribution was observed in all streams, with high antioxidant and iron-chelating capacities in the retentate fractions.</subfield>
</datafield>
<datafield tag="024" ind2=" " ind1="8">
<subfield code="a">2197-4365</subfield>
</datafield>
<datafield tag="024" ind2=" " ind1="8">
<subfield code="a">http://hdl.handle.net/10259/10443</subfield>
</datafield>
<datafield tag="024" ind2=" " ind1="8">
<subfield code="a">10.1186/s40643-025-00850-3</subfield>
</datafield>
<datafield tag="024" ind2=" " ind1="8">
<subfield code="a">2197-4365</subfield>
</datafield>
<datafield ind1=" " ind2=" " tag="653">
<subfield code="a">Protein hydrolysis</subfield>
</datafield>
<datafield ind1=" " ind2=" " tag="653">
<subfield code="a">Dead-end fltration (UF and NF)</subfield>
</datafield>
<datafield ind1=" " ind2=" " tag="653">
<subfield code="a">Protein and Free amino acids profle</subfield>
</datafield>
<datafield ind1=" " ind2=" " tag="653">
<subfield code="a">Reducing and chelating capacities</subfield>
</datafield>
<datafield ind1=" " ind2=" " tag="653">
<subfield code="a">Molecular weight distribution</subfield>
</datafield>
<datafield tag="245" ind1="0" ind2="0">
<subfield code="a">Membrane fractionation of hydrolysates of the water-soluble protein from tuna fish meal obtained by subcritical water and enzymatic treatments. Comparison of physical and chemical properties</subfield>
</datafield>
</record></metadata></record></GetRecord></OAI-PMH>